000
00246nam a2200097Ia 4500
001
762619
005
20250826165229.0
008
250824s9999 xx 000 0 und d
245
0
_a
HZ. MUHAMMEDİN HAYATI
_c
MARTİN LİNGS
260
_b
İNSAN YAYINLARI
999
_c
762619
_d
762619